000 00729nam a22002297a 4500
005 20240521130039.0
010 _aENG-140421
020 _a9789394609068
_c100.00
035 _aEN-123953
037 _bDBAD
082 _a572.8
100 _aChandrika, A. Mary
_966640
245 _aHandbook on Molecular Biology/
_cBy A. Mary Chandrika...[et.al]
260 _aTamil Nadu
_bDepartment Of Biochemistry Sree Balaji Medical College & Hospital
_c2022
270 _aChromepet, Chennai
_bTamil Nadu
_e600044
300 _a42p.
_c24cm(pb)
700 _aShanthi, B
_966582
700 _aSumathi, K
_966583
700 _aSridevi, Chaganti
_966586
700 _aVasudeven, E
_966589
942 _2ddc
_cEN
_h572.8
_mCHA
999 _c203098
_d203098